Every NFL Player to Have a 100 Yard Rushing Game 2025-2026 - Statistics

General Stats
  • This quiz has been taken 133 times
  • The average score is 32 of 39
Answer Stats
Team Week Player % Correct
Ravens 1,6,9,11,15,16,17,18 Derrick Henry
100%
Bills 2,3,4,8,9,11,12,15,16 James Cook
100%
Falcons 2,6,12,17 Bijan Robinson
99%
Colts 2,3,6,8,10 Jonathan Taylor
99%
Jets 1,5,8,17 Breece Hall
98%
Lions 7,10,11 Jahmyr Gibbs
98%
Lions 3 David Montgomery
97%
Jaguars 1,4 Travis Etienne
97%
Raiders 4,16 Ashton Jeanty
96%
Dolphins 6,10,12 De'Von Achane
96%
Cowboys 5,7 Javonte Williams
96%
Seahawks 2,16 Kenneth Walker
96%
Rams 9 Kyren Williams
96%
Eagles 8,14,16 Saquon Barkley
95%
49ers 7,9,16,17 Christian McCaffrey
94%
Bears 6,7,12 D'Andre Swift
94%
Chargers 4 Omarion Hampton
91%
Titans 14,15,16 Tony Pollard
90%
Bengals 7,11,17 Chase Brown
89%
Patriots 10,15 TreVeyon Henderson
89%
Panthers 5,6,9 Rico Dowdle
87%
Patriots 18 Rhamondre Stevenson
85%
Broncos 4,8 JK Dobbins
84%
Browns 5 Quinshon Judkins
84%
Steelers 7,16 Jaylen Warren
79%
Seahawks 17 Zach Charbonnet
79%
Chiefs 11 Kareem Hunt
77%
Commanders 5,17 Jacory Croskey-Merritt
74%
Vikings 3 Jordan Mason
74%
Giants 18 Tyrone Tracy
73%
Rams 14 Blake Corum
68%
Chargers 6,8,12 Kimani Vidal
66%
Bears 9,12 Kyle Monangai
64%
Eagles 8 Tank Bigsby
63%
Packers 11 Emanuel Wilson
58%
Bills 18 Ray Davis
53%
Cowboys 17 Malik Davis
52%
Dolphins 14 Jaylen Wright
39%
Texans 15 Jawhar Jordan
22%
No matching quizzes found
Score Distribution
Percent of People with Each Score
Percentile by Number Answered
Your Score History
You have not taken this quiz